Proyecto centro de documentación para el IDELA. Estudio de viabilidad: primera etapa

Sparad:
Bibliografiska uppgifter
Huvudupphovsman: Rojas Flores, Oscar
Institutionell upphovsman: Universidad Nacional. Facultad de Filosofía y Letras. Instituto de Estudios Latinoamericanos
Materialtyp: Text
Publicerad: San José: UNA
Taggar: Lägg till en tagg
Inga taggar, Lägg till första taggen!

MARC

LEADER 00000 a a2200000 04500
001 20932
003
040 |a CRAI/IIS  |c CRAI/IIS 
090 |a 089700  
100 |a Rojas Flores, Oscar  
110 |a Universidad Nacional. Facultad de Filosofía y Letras. Instituto de Estudios Latinoamericanos  
245 |a Proyecto centro de documentación para el IDELA. Estudio de viabilidad: primera etapa  
260 |a San José:   |b UNA  
300 |a 22 p.  
999 |c 17702  |d 17702